Working for yourself

Bibliographic Details
Main Author: Golzen, Godfrey
Format: Book
Published: London : Kogan Page , 1991
Edition:12th ed
Series:Guide to self-employment
Subjects:

MARC

LEADER 00000cam a2200000 7i4500
001 0000005891
002 000006365
005 20000330.0
020 |a 0749402903 
090 0 0 |a 338.04   |b GOL 
100 1 |a Golzen, Godfrey 
245 1 0 |a Working for yourself   |c Godfrey Golzen 
250 |a 12th ed 
260 |a London :   |b Kogan Page ,   |c 1991 
300 |a 332p. ;   |c 22cm. 
490 0 |a Guide to self-employment 
650 0 0 |a Self-employed 
999 |a 033980   |b BUKU   |c PINJAMAN   |e PERPUSTAKAAN KOMUNITI PETALING JAYA